The sepoys and the Company : (Record no. 129810)

MARC details
000 -LEADER
fixed length control field 00866nam a22002297a 4500
005 - DATE AND TIME OF LATEST TRANSACTION
control field 20170124110103.0
010 ## - LIBRARY OF CONGRESS CONTROL NUMBER
LC control number A-948842
020 ## - INTERNATIONAL STANDARD BOOK NUMBER
Terms of availability 00.00
International Standard Book Number 0195645952
035 ## - SYSTEM CONTROL NUMBER
System control number A-948842
037 ## - SOURCE OF ACQUISITION
Source of stock number/acquisition Cen Lib/Ret
040 ## - CATALOGING SOURCE
Original cataloging agency DPL
Language of cataloging EN
082 ## - DEWEY DECIMAL CLASSIFICATION NUMBER
Classification number 954.082
Item number ALA
100 ## - MAIN ENTRY--PERSONAL NAME
Personal name Alavi, Seema
9 (RLIN) 27464
245 ## - TITLE STATEMENT
Title The sepoys and the Company :
Statement of responsibility, etc by Seema Alavi
Remainder of title tradition and transition in Northern India, 1770-1830 /
260 ## - PUBLICATION, DISTRIBUTION, ETC. (IMPRINT)
Name of publisher, distributor, etc Oxford University Press
Date of publication, distribution, etc 1998
Place of publication, distribution, etc New Delhi
270 ## - ADDRESS
Address YMCA Library Building, Jai Singh Road
City New Delhi
Postal code 110001
300 ## - PHYSICAL DESCRIPTION
Extent xv, 315p. :
Dimensions 20cm(Hb)
Other physical details ill.
500 ## - GENERAL NOTE
General note Includes bibliographical references and index
650 ## - SUBJECT ADDED ENTRY--TOPICAL TERM
Topical term or geographic name as entry element East India Company. -- Army -- Recruiting, enlistment, etc. -- History
9 (RLIN) 27465
650 ## - SUBJECT ADDED ENTRY--TOPICAL TERM
Topical term or geographic name as entry element India -- History -- Sepoy Rebellion, 1857-1858
9 (RLIN) 101856
942 ## - ADDED ENTRY ELEMENTS (KOHA)
Source of classification or shelving scheme Dewey Decimal Classification
Koha item type English Books
Classification part 954.082
Call number suffix ALA
Holdings
Withdrawn status Lost status Damaged status Not for loan Home library Current library Date acquired Source of acquisition Cost, normal purchase price Total Checkouts Full call number Barcode Date last seen Date checked out Copy number Cost, replacement price Price effective from Koha item type
        Central Library Central Library 07/07/2015 Cen Lib/Ret 0.00 1 954.082 ALA A-948842 28/08/2018 27/08/2018 1 0.00 07/07/2015 English Books

© Delhi Public Library
Hit Counter
free hit counter